| 000 | 00511nam a22001697a 4500 | ||
|---|---|---|---|
| 005 | 20150327110608.0 | ||
| 008 | 150327b xxu||||| |||| 00| 0 eng d | ||
| 020 | _a9780071791113 | ||
| 041 | 0 | _aeng | |
| 080 | _a330.322 | ||
| 245 |
_aIncome Investing: _cBrady Jason |
||
| 260 |
_aUnited States of America; _bMcGraw Hill: _c2012 |
||
| 300 |
_a214 f.: _c24 cm |
||
| 505 | _aIndex: f. 209 - 214 | ||
| 650 | _aInvestimet | ||
| 942 |
_2ddc _cBK |
||
| 999 |
_c543 _d543 |
||